[Event "Nordic Youth Chess Championship"]
[Site "?"]
[Date "2020.02.15"]
[Round "3.3"]
[White "Lahdelma, Henri"]
[Black "Lund, Gunnar"]
[Result "0-1"]
[BlackElo "2288"]
[WhiteElo "2253"]
[LiveChessVersion "1.4.8"]

1. d4 {[%clk 1:30:57]} d6 {[%clk 1:24:38]} 2. Nf3 {[%clk 1:31:18]} Nf6
{[%clk 1:25:01]} 3. c4 {[%clk 1:31:43]} Nbd7 {[%clk 1:25:25]} 4. Nc3
{[%clk 1:32:07]} e5 {[%clk 1:25:50]} 5. e4 {[%clk 1:32:30]} Be7 {[%clk 1:26:14]}
6. Be2 {[%clk 1:32:53]} O-O {[%clk 1:26:33]} 7. O-O {[%clk 1:33:14]} c6
{[%clk 1:26:57]} 8. Qc2 {[%clk 1:33:21]} a6 {[%clk 1:27:04]} 9. Rd1
{[%clk 1:33:21]} Qc7 {[%clk 1:27:18]} 10. h3 {[%clk 1:33:12]} b5 {[%clk 1:27:29]}
11. a3 {[%clk 1:33:25]} Bb7 {[%clk 1:27:48]} 12. Be3 {[%clk 1:33:44]} Rac8
{[%clk 1:26:05]} 13. Rac1 {[%clk 1:33:11]} Qb8 {[%clk 1:26:18]} 14. b4
{[%clk 1:29:30]} exd4 {[%clk 1:15:27]} 15. Nxd4 {[%clk 1:28:19]} Rfe8
{[%clk 1:15:24]} 16. Nf5 {[%clk 1:12:24]} Bf8 {[%clk 1:15:50]} 17. Bf4
{[%clk 1:11:48]} Ne5 {[%clk 1:15:44]} 18. Qa2 {[%clk 1:00:53]} bxc4
{[%clk 0:58:13]} 19. Bxc4 {[%clk 0:59:56]} d5 {[%clk 0:30:01]} 20. exd5
{[%clk 0:50:43]} Nf3+ {[%clk 0:28:58]} 21. gxf3 {[%clk 0:51:08]} Qxf4
{[%clk 0:29:26]} 22. dxc6 {[%clk 0:50:23]} Bxc6 {[%clk 0:29:48]} 23. Nd4
{[%clk 0:49:54]} Bd6 {[%clk 0:28:16]} 24. Bxf7+ {[%clk 0:42:10]} Kh8
{[%clk 0:28:44]} 25. Be6 {[%clk 0:38:39]} Bd7 {[%clk 0:16:20]} 26. Nce2
{[%clk 0:26:13]} Qh2+ {[%clk 0:15:43]} 27. Kf1 {[%clk 0:26:39]} Rxc1
{[%clk 0:13:03]} 28. Rxc1 {[%clk 0:26:56]} Bxe6 {[%clk 0:13:00]} 29. Nxe6
{[%clk 0:27:20]} Qxh3+ {[%clk 0:13:24]} 30. Ke1 {[%clk 0:27:45]} Rxe6
{[%clk 0:08:09]} 31. Rc8+ {[%clk 0:28:03]} Ne8 {[%clk 0:08:21]} 32. Qc4
{[%clk 0:27:50]} Re7 {[%clk 0:06:43]} 33. Qxa6 {[%clk 0:25:49]} Bf4
{[%clk 0:06:01]} 34. Kd1 {[%clk 0:25:04]} Qf1+ {[%clk 0:05:55]} 35. Kc2
{[%clk 0:25:30]} Rxe2+ {[%clk 0:06:04]} 36. Kb3 {[%clk 0:25:51]} Qd1+
{[%clk 0:06:11]} 37. Kc4 {[%clk 0:26:09]} Rc2+ {[%clk 0:05:33]} 38. Kb5
{[%clk 0:26:23]} Qe2+ {[%clk 0:05:56]} 0-1

[Event "Nordic Youth Chess Championship"]
[Site "?"]
[Date "2020.02.15"]
[Round "3.4"]
[White "Crevatin, Leo"]
[Black "Skaale, Janus"]
[Result "1-0"]
[BlackElo "1799"]
[WhiteElo "2219"]
[LiveChessVersion "1.4.8"]

1. d4 {[%clk 1:30:43]} d5 {[%clk 1:30:29]} 2. c4 {[%clk 1:31:02]} c6
{[%clk 1:30:53]} 3. Nf3 {[%clk 1:31:25]} Nf6 {[%clk 1:31:07]} 4. e3
{[%clk 1:31:53]} Bf5 {[%clk 1:30:19]} 5. Nc3 {[%clk 1:32:21]} e6 {[%clk 1:30:08]}
6. Nh4 {[%clk 1:32:48]} Bg6 {[%clk 1:28:39]} 7. Nxg6 {[%clk 1:32:33]} hxg6
{[%clk 1:29:02]} 8. Qb3 {[%clk 1:31:41]} Qc7 {[%clk 1:28:50]} 9. h3
{[%clk 1:26:17]} Nbd7 {[%clk 1:28:02]} 10. Bd2 {[%clk 1:26:07]} Be7
{[%clk 1:24:44]} 11. O-O-O {[%clk 1:24:00]} O-O {[%clk 1:21:12]} 12. Kb1
{[%clk 1:23:32]} dxc4 {[%clk 1:19:17]} 13. Bxc4 {[%clk 1:23:26]} b5
{[%clk 1:19:06]} 14. Be2 {[%clk 1:17:37]} Rab8 {[%clk 0:58:21]} 15. g4
{[%clk 1:09:56]} b4 {[%clk 0:51:16]} 16. Na4 {[%clk 1:10:05]} Ne4
{[%clk 0:51:38]} 17. Be1 {[%clk 1:09:28]} Bh4 {[%clk 0:49:56]} 18. f4
{[%clk 1:04:55]} Bxe1 {[%clk 0:47:47]} 19. Rhxe1 {[%clk 1:05:23]} Ndf6
{[%clk 0:38:44]} 20. g5 {[%clk 1:03:49]} Nd5 {[%clk 0:37:06]} 21. Ka1
{[%clk 1:02:52]} Nb6 {[%clk 0:31:07]} 22. Bf3 {[%clk 1:01:03]} Nxa4
{[%clk 0:24:47]} 23. Qxa4 {[%clk 0:56:53]} Nf2 {[%clk 0:21:40]} 24. Rd2
{[%clk 0:56:27]} Nxh3 {[%clk 0:21:57]} 25. Rh1 {[%clk 0:55:50]} Nxf4
{[%clk 0:21:37]} 26. exf4 {[%clk 0:56:15]} Qxf4 {[%clk 0:21:52]} 27. Rdh2
{[%clk 0:56:28]} f6 {[%clk 0:21:38]} 28. Qxc6 {[%clk 0:56:47]} Rfc8
{[%clk 0:21:06]} 29. Rh8+ {[%clk 0:56:58]} Kf7 {[%clk 0:21:27]} 30. Qd7#
{[%clk 0:57:23]} 1-0

[Event "Nordic Youth Chess Championship"]
[Site "?"]
[Date "2020.02.15"]
[Round "3.5"]
[White "Orn Birkisson, Bardur"]
[Black "Takala, Jaakko"]
[Result "1-0"]
[BlackElo "1686"]
[WhiteElo "2186"]
[LiveChessVersion "1.4.8"]

1. d4 {[%clk 1:30:48]} d5 {[%clk 1:30:54]} 2. Bf4 {[%clk 1:30:50]} Nf6
{[%clk 1:31:13]} 3. e3 {[%clk 1:30:52]} c5 {[%clk 1:31:11]} 4. c3
{[%clk 1:31:08]} Nc6 {[%clk 1:31:03]} 5. Nd2 {[%clk 1:31:20]} Qb6
{[%clk 1:30:17]} 6. Qb3 {[%clk 1:31:24]} c4 {[%clk 1:26:51]} 7. Qc2
{[%clk 1:31:25]} g6 {[%clk 1:23:49]} 8. Ngf3 {[%clk 1:23:18]} Bf5
{[%clk 1:20:05]} 9. Qc1 {[%clk 1:23:01]} Nh5 {[%clk 1:18:13]} 10. Bg5
{[%clk 1:20:21]} f6 {[%clk 1:17:02]} 11. Bh4 {[%clk 1:19:54]} g5 {[%clk 1:12:47]}
12. Bg3 {[%clk 1:17:57]} Nxg3 {[%clk 1:12:23]} 13. hxg3 {[%clk 1:18:10]} e5
{[%clk 1:11:27]} 14. dxe5 {[%clk 1:15:25]} Nxe5 {[%clk 1:11:36]} 15. Nxe5
{[%clk 1:14:19]} fxe5 {[%clk 1:12:03]} 16. e4 {[%clk 1:12:46]} Bg6
{[%clk 0:56:02]} 17. Be2 {[%clk 0:52:59]} Bc5 {[%clk 0:54:50]} 18. Rf1
{[%clk 0:53:09]} Rf8 {[%clk 0:50:52]} 19. f3 {[%clk 0:52:53]} O-O-O
{[%clk 0:39:54]} 20. exd5 {[%clk 0:51:52]} Rxd5 {[%clk 0:39:36]} 21. Nxc4
{[%clk 0:51:47]} Qd8 {[%clk 0:39:10]} 22. b4 {[%clk 0:51:20]} b5 {[%clk 0:31:58]}
23. Ne3 {[%clk 0:39:06]} Bxe3 {[%clk 0:28:42]} 24. Qxe3 {[%clk 0:37:05]} Qc7
{[%clk 0:24:29]} 25. a4 {[%clk 0:33:21]} bxa4 {[%clk 0:21:26]} 26. Rxa4
{[%clk 0:32:33]} Rfd8 {[%clk 0:19:30]} 27. Rxa7 {[%clk 0:31:27]} Qd6
{[%clk 0:16:01]} 28. Ba6+ {[%clk 0:31:42]} Kb8 {[%clk 0:16:11]} 29. Rb7+
{[%clk 0:32:04]} Kc8 {[%clk 0:16:26]} 30. Rc7+ {[%clk 0:31:19]} Kxc7
{[%clk 0:15:08]} 31. Qa7+ {[%clk 0:31:43]} 1-0

[Event "Nordic Youth Chess Championship"]
[Site "?"]
[Date "2020.02.15"]
[Round "3.6"]
[White "Risting, Eivind Olav"]
[Black "Morkore, Rogvi"]
[Result "1-0"]
[BlackElo "1589"]
[WhiteElo "2306"]
[LiveChessVersion "1.4.8"]

1. c4 {[%clk 1:25:42]} Nf6 {[%clk 1:30:43]} 2. Nc3 {[%clk 1:26:03]} e6
{[%clk 1:30:50]} 3. e4 {[%clk 1:25:17]} Bb4 {[%clk 1:24:53]} 4. e5
{[%clk 1:24:43]} Ng8 {[%clk 1:21:37]} 5. Qg4 {[%clk 1:24:40]} g6 {[%clk 1:17:42]}
6. d4 {[%clk 1:24:48]} d5 {[%clk 1:08:45]} 7. Bg5 {[%clk 1:24:11]} Be7
{[%clk 1:08:37]} 8. h4 {[%clk 1:24:00]} h5 {[%clk 1:07:59]} 9. Qf4
{[%clk 1:24:03]} c6 {[%clk 1:00:33]} 10. Nf3 {[%clk 1:22:44]} Nd7
{[%clk 0:56:30]} 11. cxd5 {[%clk 1:22:16]} exd5 {[%clk 0:51:39]} 12. e6
{[%clk 1:22:36]} fxe6 {[%clk 0:50:22]} 13. Bd3 {[%clk 1:22:58]} Nf8
{[%clk 0:50:31]} 14. Ne5 {[%clk 1:23:05]} Bf6 {[%clk 0:48:18]} 15. Rh3
{[%clk 1:22:09]} Qe7 {[%clk 0:46:40]} 16. Bxg6+ {[%clk 1:20:17]} Nxg6
{[%clk 0:46:25]} 17. Nxg6 {[%clk 1:20:40]} Bxg5 {[%clk 0:46:11]} 18. hxg5
{[%clk 1:20:46]} e5 {[%clk 0:44:45]} 19. dxe5 {[%clk 1:19:56]} Qg7
{[%clk 0:41:17]} 20. Rf3 {[%clk 1:19:18]} Qxg6 {[%clk 0:35:11]} 21. Qf8+
{[%clk 1:19:40]} Kd7 {[%clk 0:35:34]} 22. Rf7+ {[%clk 1:19:56]} Qxf7
{[%clk 0:35:55]} 23. Qxf7+ {[%clk 1:20:21]} Ne7 {[%clk 0:35:41]} 24. O-O-O
{[%clk 1:19:40]} b5 {[%clk 0:34:35]} 25. Nxd5 {[%clk 1:19:44]} cxd5
{[%clk 0:34:13]} 26. Rxd5+ {[%clk 1:20:07]} Kc6 {[%clk 0:34:13]} 27. Rd6+
{[%clk 1:20:06]} Kc5 {[%clk 0:33:56]} 28. b4+ {[%clk 1:20:28]} Kxb4
{[%clk 0:34:20]} 29. Qb3+ {[%clk 1:20:50]} Kc5 {[%clk 0:34:38]} 30. Qc3#
{[%clk 1:21:15]} 1-0

[Event "Nordic Youth Chess Championship"]
[Site "?"]
[Date "2020.02.15"]
[Round "3.7"]
[White "Torngren, Gustav"]
[Black "Vitenberg, Noam Aviv"]
[Result "0-1"]
[BlackElo "2276"]
[WhiteElo "2279"]
[LiveChessVersion "1.4.8"]

1. Nf3 {[%clk 1:31:27]} d5 2. b3 {[%clk 1:31:55]} Bf5 {[%clk 1:22:51]} 3. Bb2 e6
{[%clk 1:22:32]} 4. g3 {[%clk 1:32:24]} Nf6 {[%clk 1:21:35]} 5. Bg2
{[%clk 1:32:53]} Be7 {[%clk 1:11:50]} 6. d3 {[%clk 1:33:22]} O-O {[%clk 1:11:13]}
7. Nbd2 {[%clk 1:33:44]} c5 {[%clk 1:06:10]} 8. O-O {[%clk 1:31:57]} Nc6
{[%clk 1:05:40]} 9. Re1 {[%clk 1:32:25]} h6 {[%clk 1:02:26]} 10. e4 Bh7
{[%clk 1:02:26]} 11. exd5 {[%clk 1:33:12]} exd5 {[%clk 0:47:49]} 12. Ne5
{[%clk 1:33:41]} Rc8 {[%clk 0:39:24]} 13. Nxc6 {[%clk 1:23:52]} Rxc6
{[%clk 0:29:54]} 14. Nf3 {[%clk 1:21:42]} Rc7 {[%clk 0:28:58]} 15. Qd2
{[%clk 1:14:29]} c4 {[%clk 0:24:12]} 16. Nd4 {[%clk 0:58:44]} a6 {[%clk 0:19:16]}
17. Bc3 {[%clk 0:58:25]} Bc5 {[%clk 0:14:35]} 18. b4 {[%clk 0:49:17]} Ba7
{[%clk 0:13:28]} 19. a4 {[%clk 0:49:45]} Qd7 {[%clk 0:12:43]} 20. b5
{[%clk 0:36:51]} Rfc8 {[%clk 0:12:46]} 21. Ne2 {[%clk 0:37:19]} Qf5
{[%clk 0:07:57]} 22. Nf4 {[%clk 0:14:33]} cxd3 {[%clk 0:06:58]} 23. Bh3 Ng4
{[%clk 0:05:26]} 24. Bxg4 {[%clk 0:14:27]} Qxg4 {[%clk 0:01:24]} 25. cxd3
{[%clk 0:14:55]} Qf3 {[%clk 0:01:00]} 26. Ra2 {[%clk 0:14:31]} g5
{[%clk 0:00:58]} 27. Be5 {[%clk 0:14:36]} Re7 {[%clk 0:00:48]} 28. b6
{[%clk 0:03:54]} Bxb6 {[%clk 0:00:50]} 29. Qb4 {[%clk 0:04:22]} Bc5
{[%clk 0:00:54]} 30. Rc2 {[%clk 0:04:51]} b6 {[%clk 0:00:41]} 31. Qxb6
{[%clk 0:04:44]} Rxe5 {[%clk 0:00:43]} 32. Qa5 {[%clk 0:01:43]} Rxe1+
{[%clk 0:00:45]} 33. Qxe1 {[%clk 0:02:12]} gxf4 {[%clk 0:00:47]} 34. Rxc5
{[%clk 0:02:28]} Rb8 {[%clk 0:00:42]} 35. Rc1 {[%clk 0:02:34]} fxg3
{[%clk 0:00:47]} 36. hxg3 {[%clk 0:03:01]} Bxd3 {[%clk 0:00:44]} 37. Qe5
{[%clk 0:03:17]} Rf8 {[%clk 0:00:54]} 38. Qe3 {[%clk 0:01:43]} Qxe3
{[%clk 0:01:14]} 39. fxe3 {[%clk 0:02:12]} Re8 {[%clk 0:01:32]} 40. Rc3
{[%clk 0:02:26]} Rxe3 {[%clk 0:01:29]} 41. Kf2 {[%clk 0:02:54]} d4
{[%clk 0:01:45]} 42. Rc6 {[%clk 0:02:37]} Kg7 {[%clk 0:01:06]} 43. Rd6
{[%clk 0:03:06]} Re4 {[%clk 0:01:17]} 44. Kf3 {[%clk 0:03:24]} Bb1
{[%clk 0:01:30]} 45. Rxa6 {[%clk 0:03:39]} d3 {[%clk 0:01:21]} 46. Rd6
{[%clk 0:02:19]} Rxa4 {[%clk 0:01:45]} 0-1

[Event "Nordic Youth Chess Championship"]
[Site "?"]
[Date "2020.02.15"]
[Round "3.8"]
[White "Easwaralingam, Adesh"]
[Black "Stefansson, Vignir Vatnar"]
[Result "0-1"]
[BlackElo "2323"]
[WhiteElo "2279"]
[LiveChessVersion "1.4.8"]

1. e4 {[%clk 1:30:54]} d5 {[%clk 1:30:00]} 2. exd5 {[%clk 1:31:13]} Qxd5
{[%clk 1:30:28]} 3. Nc3 {[%clk 1:31:27]} Qd6 {[%clk 1:30:51]} 4. d4
{[%clk 1:31:42]} Nf6 {[%clk 1:31:15]} 5. Nf3 {[%clk 1:31:58]} c6 {[%clk 1:31:39]}
6. Ne5 {[%clk 1:32:17]} Nbd7 {[%clk 1:32:07]} 7. Nc4 {[%clk 1:32:34]} Qc7
{[%clk 1:32:33]} 8. Qf3 {[%clk 1:32:59]} Nb6 {[%clk 1:32:59]} 9. Bf4
{[%clk 1:33:06]} Qd7 {[%clk 1:33:24]} 10. Nxb6 {[%clk 1:31:26]} axb6
{[%clk 1:33:52]} 11. O-O-O {[%clk 1:30:13]} e6 {[%clk 1:34:17]} 12. Be5
{[%clk 1:28:26]} Nd5 {[%clk 1:34:25]} 13. Nxd5 {[%clk 1:26:41]} Qxd5
{[%clk 1:34:36]} 14. Qxd5 {[%clk 1:24:13]} exd5 {[%clk 1:34:57]} 15. Re1
{[%clk 1:22:23]} Kd8 {[%clk 1:30:50]} 16. Kb1 {[%clk 1:19:23]} f6
{[%clk 1:27:29]} 17. Bg3 {[%clk 1:18:29]} Bf5 {[%clk 1:21:08]} 18. Re3
{[%clk 1:17:40]} g6 {[%clk 0:58:25]} 19. Bh4 {[%clk 1:13:05]} Bg7
{[%clk 0:56:55]} 20. Bd3 {[%clk 1:11:59]} Bxd3 {[%clk 0:57:19]} 21. Rxd3
{[%clk 1:12:06]} Re8 {[%clk 0:57:44]} 22. Re3 {[%clk 1:07:43]} Rxe3
{[%clk 0:57:46]} 23. fxe3 {[%clk 1:08:03]} Kd7 {[%clk 0:57:31]} 24. Rf1
{[%clk 1:04:43]} Re8 {[%clk 0:55:41]} 25. Kc1 {[%clk 0:53:09]} g5
{[%clk 0:44:06]} 26. Bf2 {[%clk 0:53:24]} Re4 {[%clk 0:42:57]} 27. c3
{[%clk 0:51:43]} h5 {[%clk 0:42:16]} 28. h3 {[%clk 0:50:45]} Bh6 {[%clk 0:40:27]}
29. Kd2 {[%clk 0:47:51]} c5 {[%clk 0:40:50]} 30. Kd3 {[%clk 0:48:06]} c4+
{[%clk 0:37:13]} 31. Kd2 {[%clk 0:46:55]} b5 {[%clk 0:37:01]} 32. b3
{[%clk 0:41:57]} f5 {[%clk 0:33:07]} 33. Bg1 {[%clk 0:40:11]} f4 {[%clk 0:33:10]}
34. g4 {[%clk 0:36:49]} fxg3 {[%clk 0:30:39]} 35. Rf6 {[%clk 0:37:10]} Re6
{[%clk 0:30:14]} 36. Rf5 {[%clk 0:33:05]} Ra6 {[%clk 0:23:00]} 37. Rxd5+
{[%clk 0:30:42]} Kc6 {[%clk 0:23:24]} 38. Rc5+ {[%clk 0:30:33]} Kb6
{[%clk 0:23:48]} 39. a4 {[%clk 0:30:14]} bxa4 {[%clk 0:23:43]} 40. bxc4
{[%clk 0:28:48]} a3 {[%clk 0:19:58]} 41. Rb5+ {[%clk 0:29:11]} Kc7
{[%clk 0:20:23]} 42. Rb1 {[%clk 0:29:20]} Rb6 {[%clk 0:20:09]} 43. Kc2
{[%clk 0:28:22]} Rxb1 {[%clk 0:20:32]} 44. Kxb1 {[%clk 0:28:36]} h4
{[%clk 0:20:56]} 0-1

[Event "Nordic Youth Chess Championship"]
[Site "?"]
[Date "2020.02.15"]
[Round "3.9"]
[White "Multanen, Jimi"]
[Black "Briem, Stephan"]
[Result "1/2-1/2"]
[BlackElo "2197"]
[WhiteElo "1701"]
[LiveChessVersion "1.4.8"]

1. e4 {[%clk 1:30:50]} d5 {[%clk 1:30:35]} 2. d3 {[%clk 1:29:31]} dxe4
{[%clk 1:24:34]} 3. dxe4 {[%clk 1:29:58]} Qxd1+ {[%clk 1:23:43]} 4. Kxd1
{[%clk 1:30:27]} e5 {[%clk 1:22:08]} 5. Be3 {[%clk 1:29:37]} Be6 {[%clk 1:21:16]}
6. Nd2 {[%clk 1:27:57]} Nd7 {[%clk 1:18:05]} 7. Ngf3 {[%clk 1:17:58]} f6
{[%clk 1:15:25]} 8. Bc4 {[%clk 1:16:29]} Bxc4 {[%clk 1:10:42]} 9. Nxc4
{[%clk 1:16:34]} Bc5 {[%clk 1:10:33]} 10. Ke2 {[%clk 1:05:37]} O-O-O
{[%clk 1:06:25]} 11. Rhd1 {[%clk 1:03:03]} Bxe3 {[%clk 1:04:11]} 12. Kxe3
{[%clk 1:01:28]} Ne7 {[%clk 1:03:34]} 13. Rd2 {[%clk 0:51:11]} Nc5
{[%clk 1:01:13]} 14. Rad1 {[%clk 0:49:32]} Nc6 {[%clk 0:56:00]} 15. Rxd8+
{[%clk 0:48:44]} Rxd8 {[%clk 0:55:09]} 16. Rxd8+ {[%clk 0:47:18]} Kxd8
{[%clk 0:55:14]} 17. a3 {[%clk 0:46:49]} b5 {[%clk 0:44:13]} 18. Ncd2
{[%clk 0:43:15]} a5 {[%clk 0:38:44]} 19. b3 {[%clk 0:36:16]} Kd7 {[%clk 0:37:40]}
20. Ne1 {[%clk 0:29:47]} Kd6 {[%clk 0:30:08]} 21. Nd3 {[%clk 0:24:02]} Nd4
{[%clk 0:23:26]} 22. Nxc5 {[%clk 0:23:07]} Kxc5 {[%clk 0:23:50]} 23. Kd3
{[%clk 0:22:13]} g6 {[%clk 0:18:34]} 24. b4+ {[%clk 0:18:34]} axb4
{[%clk 0:13:37]} 25. axb4+ {[%clk 0:19:02]} Kd6 {[%clk 0:13:29]} 26. g3
{[%clk 0:16:32]} c6 {[%clk 0:06:14]} 1/2-1/2

[Event "Nordic Youth Chess Championship"]
[Site "?"]
[Date "2020.02.15"]
[Round "3.10"]
[White "Fjallheim, Leif Reinert"]
[Black "Melaa, Sondre"]
[Result "0-1"]
[BlackElo "2180"]
[WhiteElo "1996"]
[LiveChessVersion "1.4.8"]

1. e4 {[%clk 1:30:56]} e5 {[%clk 1:30:52]} 2. Nf3 {[%clk 1:31:18]} Nc6
{[%clk 1:31:16]} 3. Bb5 {[%clk 1:31:39]} a6 {[%clk 1:31:39]} 4. Ba4
{[%clk 1:32:05]} Nf6 {[%clk 1:32:02]} 5. d3 {[%clk 1:32:22]} d6 {[%clk 1:32:25]}
6. c3 {[%clk 1:32:35]} g6 {[%clk 1:32:47]} 7. O-O {[%clk 1:31:33]} Bg7
{[%clk 1:33:10]} 8. Re1 {[%clk 1:30:53]} O-O {[%clk 1:33:22]} 9. Nbd2
{[%clk 1:30:32]} h6 {[%clk 1:32:43]} 10. Nf1 {[%clk 1:29:41]} b5 {[%clk 1:33:05]}
11. Bc2 {[%clk 1:28:01]} d5 {[%clk 1:26:20]} 12. h3 {[%clk 1:21:45]} Be6
{[%clk 1:19:41]} 13. Be3 {[%clk 1:18:28]} Re8 {[%clk 1:08:48]} 14. Qd2
{[%clk 1:11:36]} Kh7 {[%clk 1:07:30]} 15. a3 {[%clk 1:09:41]} Qd7
{[%clk 1:01:54]} 16. Rad1 {[%clk 1:03:30]} Rad8 {[%clk 0:58:22]} 17. Qe2
{[%clk 1:01:31]} Qe7 {[%clk 0:53:06]} 18. Ng3 {[%clk 0:57:32]} dxe4
{[%clk 0:46:34]} 19. dxe4 {[%clk 0:55:46]} Bc4 {[%clk 0:46:15]} 20. Bd3
{[%clk 0:55:54]} Na5 {[%clk 0:43:56]} 21. b4 {[%clk 0:49:40]} Bxd3
{[%clk 0:37:04]} 22. Rxd3 {[%clk 0:49:46]} Rxd3 {[%clk 0:37:20]} 23. Qxd3
{[%clk 0:50:08]} Nc4 {[%clk 0:36:45]} 24. Bc1 {[%clk 0:46:37]} Rd8
{[%clk 0:35:34]} 25. Qc2 {[%clk 0:45:32]} Qd6 {[%clk 0:34:58]} 26. Nh2
{[%clk 0:42:04]} Qd3 {[%clk 0:33:44]} 27. Qb3 {[%clk 0:42:05]} Bf8
{[%clk 0:26:23]} 28. Nhf1 {[%clk 0:40:06]} Rd7 {[%clk 0:22:38]} 29. f3
{[%clk 0:36:11]} a5 {[%clk 0:21:39]} 30. Ne2 {[%clk 0:34:46]} axb4
{[%clk 0:17:14]} 31. axb4 {[%clk 0:34:33]} c5 {[%clk 0:17:19]} 32. Ba3
{[%clk 0:31:06]} Nxa3 {[%clk 0:17:33]} 33. Nc1 {[%clk 0:31:26]} Qc4
{[%clk 0:17:03]} 34. Qxa3 {[%clk 0:31:47]} cxb4 {[%clk 0:17:17]} 35. cxb4
{[%clk 0:31:42]} Bxb4 {[%clk 0:17:26]} 36. Qa6 {[%clk 0:32:04]} Bxe1
{[%clk 0:17:06]} 37. Qxf6 {[%clk 0:32:30]} Qxc1 {[%clk 0:17:24]} 38. Qxe5
{[%clk 0:32:51]} Qc2 {[%clk 0:16:21]} 39. Qe8 {[%clk 0:32:15]} Bf2+
{[%clk 0:16:03]} 40. Kh1 {[%clk 0:32:32]} Qc7 {[%clk 0:16:20]} 0-1

[Event "Nordic Youth Chess Championship"]
[Site "?"]
[Date "2020.02.15"]
[Round "3.11"]
[White "Stage-Steffensen, Sander"]
[Black "Aalto, Patrik"]
[Result "1-0"]
[BlackElo "2080"]
[WhiteElo "2105"]
[LiveChessVersion "1.4.8"]

1. e4 {[%clk 1:30:56]} c5 {[%clk 1:30:55]} 2. Nf3 {[%clk 1:31:21]} a6
{[%clk 1:30:22]} 3. d4 {[%clk 1:31:06]} cxd4 {[%clk 1:30:34]} 4. Nxd4
{[%clk 1:31:27]} Nf6 {[%clk 1:30:25]} 5. Nc3 {[%clk 1:31:33]} e5 {[%clk 1:27:48]}
6. Nf3 {[%clk 1:27:48]} Bb4 {[%clk 1:24:02]} 7. Qd3 {[%clk 1:19:04]} Qc7
{[%clk 0:42:23]} 8. Bd2 {[%clk 0:47:19]} d6 {[%clk 0:34:12]} 9. O-O-O
{[%clk 0:41:42]} Be6 {[%clk 0:32:23]} 10. a3 {[%clk 0:36:10]} Ba5
{[%clk 0:28:36]} 11. Ng5 {[%clk 0:30:31]} Nbd7 {[%clk 0:24:48]} 12. Be1
{[%clk 0:25:20]} Ke7 {[%clk 0:22:21]} 13. g3 {[%clk 0:22:42]} h6 {[%clk 0:12:56]}
14. Nxe6 {[%clk 0:18:46]} fxe6 {[%clk 0:13:24]} 15. Bg2 {[%clk 0:14:12]} Rac8
{[%clk 0:09:12]} 16. Bh3 {[%clk 0:09:16]} Nc5 {[%clk 0:08:07]} 17. Qc4
{[%clk 0:06:29]} b5 {[%clk 0:07:24]} 18. Qa2 {[%clk 0:06:39]} b4 {[%clk 0:06:06]}
19. axb4 {[%clk 0:04:38]} Bxb4 {[%clk 0:06:35]} 20. Kb1 {[%clk 0:04:59]} Bxc3
{[%clk 0:05:19]} 21. Bxc3 {[%clk 0:05:25]} Nfxe4 {[%clk 0:05:35]} 22. Bb4
{[%clk 0:05:19]} Rb8 {[%clk 0:04:19]} 23. c3 {[%clk 0:04:56]} Ng5
{[%clk 0:04:24]} 24. Bg4 {[%clk 0:04:56]} h5 {[%clk 0:04:30]} 25. Be2
{[%clk 0:05:04]} Qc6 {[%clk 0:04:10]} 26. f4 {[%clk 0:04:49]} Nf7
{[%clk 0:03:46]} 27. Bc4 {[%clk 0:04:50]} Rhe8 {[%clk 0:01:36]} 28. Rhe1
{[%clk 0:04:31]} Kf8 {[%clk 0:01:25]} 29. f5 {[%clk 0:04:24]} Nd8
{[%clk 0:00:45]} 30. fxe6 {[%clk 0:03:38]} Ndxe6 {[%clk 0:00:53]} 31. Rf1+
{[%clk 0:03:43]} Kg8 {[%clk 0:00:45]} 32. Bxc5 {[%clk 0:04:01]} dxc5
{[%clk 0:00:58]} 33. Bd5 {[%clk 0:04:13]} Qb6 {[%clk 0:01:12]} 34. Rf5
{[%clk 0:03:58]} Qd6 {[%clk 0:00:56]} 35. Re1 {[%clk 0:03:32]} Rb6
{[%clk 0:00:35]} 36. Rfxe5 {[%clk 0:03:53]} Kf7 {[%clk 0:00:32]} 37. Rxe6
{[%clk 0:03:39]} Rxe6 {[%clk 0:00:33]} 38. Rxe6 {[%clk 0:03:48]} Qxe6
{[%clk 0:00:53]} 39. Bxe6+ {[%clk 0:04:14]} Rxe6 {[%clk 0:01:19]} 40. Qd5
{[%clk 0:04:41]} 1-0

[Event "Nordic Youth Chess Championship"]
[Site "?"]
[Date "2020.02.15"]
[Round "3.12"]
[White "Muntean, Victor"]
[Black "Tummasarson, Flovin M."]
[Result "1-0"]
[BlackElo "1664"]
[WhiteElo "1960"]
[LiveChessVersion "1.4.8"]

1. e4 {[%clk 1:30:57]} e5 {[%clk 1:30:46]} 2. Nf3 {[%clk 1:31:07]} Nc6
{[%clk 1:31:04]} 3. d4 {[%clk 1:30:59]} exd4 {[%clk 1:31:05]} 4. Bc4
{[%clk 1:31:20]} Nf6 {[%clk 1:30:32]} 5. e5 {[%clk 1:31:40]} d5 {[%clk 1:30:10]}
6. Bb5 {[%clk 1:32:01]} Nd7 {[%clk 1:29:33]} 7. O-O {[%clk 1:25:21]} Be7
{[%clk 1:28:49]} 8. Re1 {[%clk 1:20:34]} O-O {[%clk 1:23:15]} 9. Bxc6
{[%clk 1:18:47]} bxc6 {[%clk 1:23:37]} 10. Nxd4 {[%clk 1:19:07]} Nb8
{[%clk 1:23:27]} 11. Qd3 {[%clk 1:12:50]} Re8 {[%clk 1:19:14]} 12. Nc3
{[%clk 1:09:16]} c5 {[%clk 1:13:01]} 13. Nf5 {[%clk 1:08:44]} d4 {[%clk 1:11:47]}
14. Nxe7+ {[%clk 1:08:14]} Qxe7 {[%clk 1:11:42]} 15. Qf3 {[%clk 1:07:46]} c6
{[%clk 1:10:43]} 16. Ne4 {[%clk 1:08:05]} Nd7 {[%clk 1:09:14]} 17. Qg3
{[%clk 1:02:30]} Ba6 {[%clk 1:01:08]} 18. Bh6 {[%clk 0:56:48]} f6
{[%clk 0:57:56]} 19. Nd6 {[%clk 0:56:01]} Red8 {[%clk 0:54:33]} 20. Nf5
{[%clk 0:56:06]} Qf7 {[%clk 0:53:57]} 21. e6 {[%clk 0:56:11]} 1-0